Bronze Age double buttons in Estonia

Titel: Bronze Age double buttons in Estonia
Verfasser:
Beteiligt:
In: Eesti arheoloogia ajakiri, Band 11, Heft 2 (2007), Seite 122-140, Abb.
alle Artikel anzeigen
Veröffentlicht: 2007
Format: Aufsatz
Sprache: Englisch
Kein Bild verfügbar
X
alg: 39228493
001A    $01999:11-11-16 
001B    $01999:28-04-17 $t14:52:37.000 
001D    $01999:11-11-16 
001U    $0utf8 
001X    $00 
002@    $0Aox 
003@    $0392284936 
007A    $0392284936 $aHEB 
007T    $0Herdc0062065m 
010@    $aeng 
011@    $a2007 
021A    $aBronze Age double buttons in Estonia 
028A    $aLuik $dHeidi 
028B/01 $aOts $dMirja 
031A    $d11 $e2 $h122-140, Abb. $j2007 
037A    $aestn. Res. 137-140: Kaksiknööbid Eesti prinksiaegses leiuaineses 
039B    $aIn $8--Abvc--. Eesti arheoloogia ajakiri. - Tallinn : Teaduste Akadeemia Kirjastus, 1997-2003. - ISSN 1406-2933 $x200700000110002878 $9091024889 
045T    $a7,44 

lok: 39228493 78

exp: 39228493 78 1 #EPN
201B/01 $019-04-17 $t11:08:56.000 
201U/01 $0utf8 
203@/01 $0788381482 
208@/01 $a11-11-16 $be 
209A/01 $a/ $f000 $x00 
220C/01 $aTitelaufnehmer: kk 
220C/01 $aHerkunft: HI Marburg 
244Z/01 $2Trx $#Estija $#Igaunija $#Estland $#Estonia $#Estonia $#Estónsko $#Estonsko $8--Trx--Eesti $x01 $9391237225 
244Z/01 $2Trx $8--Trx--Asva$gKuressaare $x02 $9391206494 
244Z/01 $2Trx $#Jegelecht Reval $8--Trx--Jõelähtme$gTallinn $x03 $9391151622 
244Z/01 $2Trx $#pronksiaeg $#bronzos amžius $#Bronze Age $#bronz korszak $#epoka brązu $#doba bronzová $#doba bronzová $#Archäologie Bronzezeit $8--Trx--Bronzezeit $x04 $939136099X 
244Z/01 $2Trx $#hauad arheoloogia $#kapai archeologija $#Graves archaeology $#sírásók régészet $#archeologia, pochówki $#archeológia, hroby $#archeologie, hroby $#groby archeologia $8--Trx--Gräber$gArchäologie $x05 $9391372920 
244Z/01 $2Trx $#matusekombed $#laidotuvių apeigos $#Burial practices $#gyászolási szokások $#obrzędy pogrzebowe $#obrady, pohrebné $#obřady pohřební $8--Trx--Bestattungsbräuche $x06 $9391382861 
244Z/01 $2Trx $#ehted $#papuošalai $#Jewelry $#ékszer $#ozdoby $#šperky $#šperky $8--Trx--Schmuck $x07 $9391353403 
244Z/01 $2Trx $#merevaik $#gintaras $#dzintars $#Amber $#borostyánkő $#bursztyn $#jantár $#jantar $8--Trx--Bernstein $x08 $9391370952 
244Z/01 $2Trx $8--Trx--Zeitschriftenaufsatz $x09 $9391384341 
245Z/01 $a05.02 $x01 
247C/01 $82080>Marburg/Lahn, Herder-Institut, Forschungsbibliothek, Bibliographieportal $9336309341
LEADER 00000caa a22000002c 4500
001 392284936
003 DE-603
005 20170428145237.0
007 tu
008 161111s2007 xx |||| | u00||u|eng c
035 |a (DE-599)HEB392284936 
040 |a DE-603  |b ger  |c DE-603  |d DE-603 
041 |a eng 
084 |a 7,44  |2 ssgn 
100 1 |a Luik, Heidi 
245 0 0 |a Bronze Age double buttons in Estonia 
264 0 |c 2007 
500 |a estn. Res. 137-140: Kaksiknööbid Eesti prinksiaegses leiuaineses 
700 1 |a Ots, Mirja 
773 0 8 |i In  |t Eesti arheoloogia ajakiri  |d Tallinn : Teaduste Akadeemia Kirjastus, 1997-2003  |x 1406-2933  |g Band 11, Heft 2 (2007), Seite 122-140, Abb.  |w (DE-603)091024889  |w (DE-600)2010992-1 
924 0 |9 2080  |a (DE-603)788381482  |b DE-2080  |c HES  |d d  |g /